Límites y contradicciones de la globalización neoliberal /
Bewaard in:
| Hoofdauteur: | |
|---|---|
| Formaat: | Texto |
| Taal: | Spanish |
| Gepubliceerd in: |
San José:
EUNED
|
| Onderwerpen: | |
| Tags: |
Voeg label toe
Geen labels, Wees de eerste die dit record labelt!
|
MARC
| LEADER | 00000 a a2200000 04500 | ||
|---|---|---|---|
| 001 | 38497 | ||
| 003 | cru IIS | ||
| 005 | 20230321152738.0 | ||
| 008 | 230321b |||||||| |||| 00| 0 spa d | ||
| 020 | |a 978-9968-31-567-8 | ||
| 022 | |a 978-9968-31-567-8 | ||
| 040 | |c CRAI IIS | ||
| 090 | |a 0001 V297v vol. 2 | ||
| 100 | |a Vargas Solís, Luis Paulino | ||
| 245 | |a Límites y contradicciones de la globalización neoliberal / |c Luis Paulino Vargas Solís | ||
| 260 | |a San José: |b EUNED | ||
| 300 | |a 195p. Vol.1 | ||
| 650 | |a ASPECTOS POLITICOS | ||
| 650 | |a ASPECTOS ECONOMICOS | ||
| 650 | |a GLOBALIZACION | ||
| 650 | |a CAPITALISMO | ||
| 650 | |a COMERCIO INTERNACIONAL | ||
| 650 | |a MUNDO | ||
| 942 | |2 ddc |c LI | ||
| 999 | |c 15789 |d 15789 | ||
| 773 | 0 | |0 44843 |9 8496 |a Vargas Solís, Luis Paulino |d San José: EUNED 2008 |o 06005 |t El Verdadero rostro de la globalización: |w (cru CIDCAS/IIS)38508 |x 978-9968-31-567-8 |z 978-9968-31-567-8 | |



